Chủ thể thực hiện chức năng buộc tội trong tố tụng hình sự Việt Nam
Chuyên ngành: Luật hình sự; Mã số 60 38 40; Luận văn Thạc sĩ trường Đại học Luật TP. Hồ Chí Minh, 2011; Trình bày những vấn đề chung về chủ thể thực hiện chức năng buộc tội. Pháp luật thực định về chủ thể thực hiện chức năng buộc t...
Shranjeno v:
| Glavni avtor: | |
|---|---|
| Drugi avtorji: | |
| Format: | Knjiga |
| Jezik: | Undetermined |
| Izdano: |
Tp. Hồ Chí Minh
2011
|
| Teme: | |
| Online dostop: | http://lrc.tdmu.edu.vn/opac/search/detail.asp?aID=2&ID=17507 |
| Oznake: |
Označite
Brez oznak, prvi označite!
|
| Thư viện lưu trữ: | Trung tâm Học liệu Trường Đại học Thủ Dầu Một |
|---|
| LEADER | 01553nam a2200205Ia 4500 | ||
|---|---|---|---|
| 001 | TDMU_17507 | ||
| 008 | 210410s9999 xx 000 0 und d | ||
| 082 | |a 345.597 | ||
| 090 | |b L250 | ||
| 100 | |a Lê, Minh Tuấn | ||
| 245 | 0 | |a Chủ thể thực hiện chức năng buộc tội trong tố tụng hình sự Việt Nam | |
| 245 | 0 | |c Lê Minh Tuấn; TS. Nguyễn Duy Hưng (Hướng dẫn) | |
| 260 | |a Tp. Hồ Chí Minh | ||
| 260 | |c 2011 | ||
| 300 | |a 80tr | ||
| 520 | |a Chuyên ngành: Luật hình sự; Mã số 60 38 40; Luận văn Thạc sĩ trường Đại học Luật TP. Hồ Chí Minh, 2011; Trình bày những vấn đề chung về chủ thể thực hiện chức năng buộc tội. Pháp luật thực định về chủ thể thực hiện chức năng buộc tội trong tố tụng hình sự Việt Nam. Thực tiễn áp dụng và một số kiến nghị hoàn thiện các quy định của pháp luật tố tụng hình sự hiện hành về chủ thể thực hiện chức năng buộc tội .; TM tài liệu tham khảo 4tr. sau kết luận | ||
| 650 | |a Luận văn; Luật hình sự |z Việt Nam; Tố tụng hình sự |x Buộc tội |z Việt Nam | ||
| 700 | |a Nguyễn, Duy Hưng | ||
| 856 | |u http://lrc.tdmu.edu.vn/opac/search/detail.asp?aID=2&ID=17507 | ||
| 980 | |a Trung tâm Học liệu Trường Đại học Thủ Dầu Một | ||